000 00472nam a22001817a 4500
003 MPLRDC
005 20220104164041.0
008 210129b ||||| |||| 00| 0 eng d
020 _a983-9214-87-X
082 _a496.5 SCO
100 _aGINI GRAHAM SCOTT
245 _aGET RICH THROUGH MULTI-LEVEL SELLING
_c
250 _a第一版
260 _a
_bADVANTAGE QUEST PUBLICATIONS
_c2000
300 _b
650 _a推销策略; 贩卖术
942 _cBK
_o496.5 SCO
999 _c56767
_d56757